Pokémon - Les attaques de Munna - Statistiques

Statistiques générales
  • Ce quiz a été pris 17 fois
  • Le résultat moyen est 11 sur 15
Statistiques - réponses
Niveaux Types Noms des attaques % Correct
Niveau 36 Psy Psyko
100%
Niveau 44 Psy Dévorêve
88%
Niveau 4 Psy Hypnose
88%
Niveau 40 Fée Pouvoir Lunaire
88%
Niveau 48 Psy Prescience
88%
Niveau 24 Psy Psykoud'Boul
88%
Niveau 12 Psy Possessif
75%
Niveau 8 Psy Rafale Psy
75%
Niveau 16 Fée Rayon Lune
75%
Départ Normal Boul'Armure
63%
Niveau 28 Psy Plénitude
63%
Niveau 32 Normal Bâillement
50%
Départ Psy Force Ajoutée
50%
Niveau 20 Psy Reflet Magik
50%
Niveau 52 Psy Zone Étrange
38%
Aucun quiz correspondant
Distribution des résultats
% des personnes avec chaque résultat
Percentile par nombre de réponses
Votre historique - résultats
Vous n’avez pas pris ce quiz